[Event "Val Maubuee Open"]
[Site "Val Maubuee"]
[Date "1990.??.??"]
[Round "?"]
[White "Korchnoi, Viktor L"]
[Black "Hector, Jonny"]
[Result "1-0"]
[WhiteElo "2625"]
[BlackElo "2465"]
[PlyCount "49"]
[EventDate "1990.??.??"]
[Source "www.chesslib.no"]
[SourceDate "2004.05.04"]

1. c4 e6 2. Nc3 d5 3. d4 Nf6 4. Bg5 c5 5. cxd5 cxd4 6. Qxd4 Be7 7. e4 Nc6 8. Qd2 exd5 9. Bxf6 Bxf6 10. exd5 Qe7+ 11. Nge2 Ne5 12. d6 Qd8 13. Ng3 O-O 14. Be2 Bg4 15. f4 Bxe2 16. fxe5 Bg4 17. exf6 Re8+ 18. Nge4 Qxf6 19. Qf2 Bf5 20. d7 Rxe4+ 21. Nxe4 Bxe4 22. Qxf6 gxf6 23. O-O Bc6 24. Rad1 Rd8 25. Rxf6 1-0

[Event "Debrecen"]
[Site "Debrecen"]
[Date "1990.??.??"]
[Round "2"]
[White "Hansen, Curt"]
[Black "Polgar, Zsuzsa"]
[Result "1-0"]
[WhiteElo "2570"]
[BlackElo "2500"]
[PlyCount "91"]
[EventDate "1990.06.??"]
[Source "ChessBase"]

1. c4 e6 2. Nc3 d5 3. d4 Nf6 4. Bg5 c5 5. cxd5 Qb6 6. Bxf6 Qxb2 7. Rc1 gxf6 8. e3 cxd4 9. Bb5+ Bd7 10. Bxd7+ Nxd7 11. exd4 Bb4 12. Nge2 Rc8 13. O-O Bxc3 14. Qd3 Nb6 15. Rxc3 O-O 16. dxe6 fxe6 17. Ra3 Qc2 18. Qf3 Qc6 19. Qxc6 bxc6 20. Nf4 Rfe8 21. Rxa7 Ra8 22. Rxa8 Rxa8 23. g3 Kf7 24. Rb1 Nd7 25. Rb2 Ke7 26. Re2 Nf8 27. d5 cxd5 28. Nxd5+ Kf7 29. Nc3 Rc8 30. Ne4 Rc1+ 31. Kg2 e5 32. Rb2 Rc6 33. a4 f5 34. Ng5+ Kf6 35. h4 h6 36. Nf3 Ra6 37. Rb5 Rxa4 38. Nxe5 Ra2 39. Nc4 Ng6 40. Ne3 f4 41. Nd5+ Kf7 42. h5 f3+ 43. Kxf3 Ne5+ 44. Ke4 Re2+ 45. Ne3 Nd7 46. Kf3 1-0

[Event "St Petersburg-ch"]
[Site "St Petersburg"]
[Date "2003.04.17"]
[Round "2"]
[White "Klimov, Sergey"]
[Black "Ivanov, Sergey"]
[Result "0-1"]
[WhiteElo "2507"]
[BlackElo "2557"]
[PlyCount "72"]
[EventDate "2003.04.16"]
[Source "ChessBase"]
[SourceDate "2003.07.25"]

1. d4 e6 2. c4 d5 3. Nc3 Nf6 4. Bg5 c5 5. cxd5 cxd4 6. Qxd4 Be7 7. e4 Nc6 8. Qe3 Nb4 9. Bb5+ Bd7 10. Qe2 exd5 11. Nf3 O-O 12. Bxd7 Qxd7 13. e5 Ng4 14. Bxe7 Qxe7 15. O-O d4 16. Nxd4 Nxe5 17. Rad1 Nec6 18. Qxe7 Nxe7 19. Rfe1 Rfe8 20. Ndb5 Nec6 21. Rxe8+ Rxe8 22. Nd6 Re7 23. h4 h5 24. Rd2 Rd7 25. a3 Nc2 26. Nce4 N6d4 27. Nf5 Kf8 28. Ne3 Na1 29. b4 Nab3 30. Rd1 b6 31. Kf1 a5 32. bxa5 bxa5 33. Nc2 Ke7 34. Ne3 f5 35. Nc3 Ke6 36. Nc2 Nxc2 0-1

[Event "Berlin"]
[Site "?"]
[Date "1992.??.??"]
[Round "?"]
[White "Eingorn, V."]
[Black "Ivanov, S."]
[Result "1/2-1/2"]
[WhiteElo "2590"]
[BlackElo "2470"]
[PlyCount "78"]
[EventDate "1992.??.??"]
[Source "ChessBase"]
[SourceDate "1992.06.01"]

1. c4 Nf6 2. Nc3 e6 3. d4 d5 4. Bg5 c5 5. cxd5 cxd4 6. Qxd4 Be7 7. e3 exd5 8. Bb5+ Nc6 9. Nf3 O-O 10. Qa4 Be6 11. O-O Qb6 12. Rac1 h6 13. Bh4 Rfd8 14. Rfd1 Rac8 15. a3 d4 16. exd4 a6 17. Bxc6 Bb3 18. Bxf6 Bxa4 19. Nxa4 Qc7 20. Be5 Bd6 21. Bxd6 Rxd6 22. Bb5 Qxc1 23. Rxc1 Rxc1+ 24. Bf1 g5 25. h3 f5 26. Nc5 g4 27. hxg4 fxg4 28. Ne5 Rb1 29. Nxg4 Rxd4 30. f3 Rdd1 31. Ne3 Re1 32. Kf2 Rxf1+ 33. Nxf1 Rxb2+ 34. Ke3 Rxg2 35. Nd2 h5 36. Nxb7 h4 37. Nc5 h3 38. Nf1 h2 39. Nxh2 Rxh2 1/2-1/2

[Event "Graested"]
[Site "Graested"]
[Date "1990.??.??"]
[Round "9"]
[White "Hansen, Curt"]
[Black "Hector, Jonny"]
[Result "1/2-1/2"]
[WhiteElo "2570"]
[BlackElo "2465"]
[PlyCount "93"]
[EventDate "1990.02.??"]
[Source "ChessBase"]

1. c4 e6 2. Nc3 d5 3. d4 Nf6 4. Bg5 c5 5. cxd5 cxd4 6. Qxd4 Be7 7. Nf3 exd5 8. e3 Nc6 9. Bb5 O-O 10. Qa4 Be6 11. O-O h6 12. Bh4 Qb6 13. Rac1 Rfd8 14. Ne2 Rac8 15. Ned4 Nxd4 16. Nxd4 a6 17. Bd3 Rxc1 18. Rxc1 Qxb2 19. Rb1 Qc3 20. Bf5 Bxf5 21. Nxf5 Bf8 22. Qd1 Rd7 23. Rc1 Qe5 24. Nxh6+ Kh7 25. Bxf6 Qxf6 26. Ng4 Qd6 27. Qf3 Rc7 28. Rd1 Qe6 29. h3 Bd6 30. g3 Rc5 31. Rd4 b5 32. Kg2 f5 33. Nh2 Be5 34. Rh4+ Kg8 35. Qh5 Rc2 36. Nf3 Bf6 37. Ng5 Bxg5 38. Qxg5 Rxa2 39. Qd8+ Kf7 40. Rf4 Kg6 41. g4 fxg4 42. Rxg4+ Kh7 43. e4 dxe4 44. Rh4+ Kg6 45. Qc7 Rxf2+ 46. Kxf2 Qa2+ 47. Ke1 1/2-1/2

[Event "Munich"]
[Site "Munich"]
[Date "1989.??.??"]
[Round "?"]
[White "Groszpeter, Attila"]
[Black "Piket, Jeroen"]
[Result "1/2-1/2"]
[WhiteElo "2500"]
[BlackElo "2500"]
[PlyCount "91"]
[EventDate "1989.04.??"]
[Source "ChessBase"]

1. c4 e6 2. Nc3 d5 3. d4 Nf6 4. Bg5 c5 5. cxd5 cxd4 6. Qxd4 Be7 7. e3 exd5 8. Bb5+ Nc6 9. Nge2 O-O 10. Bxc6 bxc6 11. O-O h6 12. Bh4 Re8 13. Rfd1 Bd7 14. Rac1 Qa5 15. Qa4 Qb6 16. Qc2 Rac8 17. h3 Qb4 18. Nd4 Nh5 19. Bxe7 Qxe7 20. Na4 Qg5 21. Nf3 Qf6 22. Qc3 Qd6 23. Qd4 Qb8 24. Nc5 Nf6 25. Rd3 Bf5 26. Rb3 Qd6 27. Qf4 Qxf4 28. exf4 Ne4 29. Nd4 Nxc5 30. Rxc5 Re1+ 31. Kh2 Bd7 32. Rb7 Re4 33. Nf3 Be8 34. Kg3 Ra4 35. a3 Ra6 36. Nd4 Rb6 37. Rxa7 Rxb2 38. Nf5 Rd8 39. Ra4 Rb5 40. Rxb5 cxb5 41. Ra6 d4 42. Kf3 Kf8 43. Ke2 b4 44. Kd2 Rd5 45. Nd6 bxa3 46. Nxe8 1/2-1/2

[Event "Campionato europeo 2007"]
[Site "Dresda GER"]
[Date "2007.04.03"]
[Round "1.68"]
[White "Huzman, Alexander"]
[Black "Wichmann, Cliff"]
[Result "1-0"]
[WhiteElo "2591"]
[BlackElo "2387"]
[PlyCount "45"]
[EventDate "2007.04.03"]
[Source "www.chesslib.no"]
[SourceDate "2004.05.04"]

1. d4 d5 2. c4 e6 3. Nc3 Nf6 4. Bg5 c5 5. e3 cxd4 6. exd4 Be7 7. Nf3 O-O 8. Rc1 Nc6 9. c5 Ne4 10. Bxe7 Qxe7 11. Be2 Rd8 12. O-O Bd7 13. a3 b6 14. b4 bxc5 15. dxc5 Qf6 16. Nxe4 dxe4 17. Nd2 Be8 18. Nxe4 Qb2 19. Nd6 Qxa3 20. b5 Ne7 21. Qc2 Rd7 22. Ra1 Qb4 23. Ra4 1-0

[Event "22nd Open"]
[Site "Andorra la Vella"]
[Date "2004.07.10"]
[Round "8"]
[White "Kuzmin, Alexey"]
[Black "Berkovich, Mark A"]
[Result "1/2-1/2"]
[WhiteElo "2567"]
[BlackElo "2398"]
[PlyCount "38"]
[EventDate "2004.07.03"]
[Source "Roberto Alvarez"]
[SourceDate "2004.07.12"]

1. d4 Nf6 2. c4 e6 3. Nc3 d5 4. Bg5 c5 5. cxd5 cxd4 6. Qxd4 Be7 7. Nf3 exd5 8. e4 dxe4 9. Bb5+ Bd7 10. Bxf6 Bxf6 11. Qxe4+ Qe7 12. Qxe7+ Bxe7 13. Bxd7+ Nxd7 14. Nd5 Bd8 15. O-O-O O-O 16. Rhe1 Nf6 17. Nxf6+ Bxf6 18. Rd7 Rab8 19. Re2 Rfd8 1/2-1/2

[Event "Moscow PCA-Intel qual"]
[Site "Moscow"]
[Date "1995.??.??"]
[Round "7"]
[White "Arbakov, Valentin"]
[Black "Meister, Yakov"]
[Result "1-0"]
[WhiteElo "2500"]
[BlackElo "2450"]
[PlyCount "67"]
[EventDate "1995.??.??"]
[Source "ChessBase"]

1. c4 e6 2. d4 d5 3. Nc3 Nf6 4. Bg5 c5 5. cxd5 cxd4 6. Qxd4 Be7 7. Nf3 exd5 8. e3 O-O 9. Be2 Nc6 10. Qa4 Ne4 11. Bxe7 Nxc3 12. Qa3 Qxe7 13. Qxc3 Bg4 14. O-O Rac8 15. Qd2 Rcd8 16. Nd4 Nxd4 17. Bxg4 Nc6 18. Rfe1 Qf6 19. Bf3 Rd6 20. Bxd5 Qg5 21. Bxf7+ Rxf7 22. Qxd6 h5 23. Rad1 Kh7 24. Rd5 Qg4 25. h3 Qh4 26. Qg3 Qb4 27. Rxh5+ Kg8 28. Rd1 Qxb2 29. Qh4 g6 30. Rh6 Qg7 31. Qg5 Rf6 32. Rd7 Ne7 33. Rxe7 Qxe7 34. Rxg6+ 1-0

[Event "Donner mem-B"]
[Site "Amsterdam"]
[Date "1994.??.??"]
[Round "5"]
[White "Smyslov, Vassily"]
[Black "Bronstein, David I"]
[Result "1/2-1/2"]
[WhiteElo "2510"]
[BlackElo "2440"]
[PlyCount "24"]
[EventDate "1994.08.??"]
[Source "ChessBase"]

1. d4 d5 2. c4 e6 3. Nc3 Nf6 4. Bg5 c5 5. e3 cxd4 6. exd4 Be7 7. cxd5 O-O 8. Bd3 Nxd5 9. Bxe7 Qxe7 10. Nf3 Nxc3 11. bxc3 b6 12. O-O Nd7 1/2-1/2

[Event "Moscow-A"]
[Site "Moscow"]
[Date "1996.??.??"]
[Round "?"]
[White "Guliev, Sarhan"]
[Black "Kron, Valentin"]
[Result "0-1"]
[WhiteElo "2505"]
[BlackElo "2430"]
[PlyCount "58"]
[EventDate "1996.??.??"]
[Source "www.chesslib.no"]
[SourceDate "2004.05.04"]

1. d4 Nf6 2. c4 e6 3. Nc3 d5 4. Bg5 c5 5. cxd5 cxd4 6. Qxd4 Be7 7. Nf3 exd5 8. e3 O-O 9. Bb5 h6 10. Bh4 a6 11. Be2 Nc6 12. Qa4 Be6 13. O-O b5 14. Qd1 Qb6 15. Nd4 Nxd4 16. exd4 Rac8 17. a4 b4 18. a5 Qb7 19. Na4 Rc6 20. Qd3 Ne4 21. Bxe7 Qxe7 22. Nb6 Qh4 23. Ra4 Rd8 24. Rxb4 Bf5 25. Qe3 Re6 26. Ra4 Ng5 27. Qg3 Qxg3 28. fxg3 Bc2 29. Bg4 Rxb6 0-1

[Event "Copenhagen Open"]
[Site "Copenhagen DEN"]
[Date "1990.??.??"]
[Round "2"]
[White "Plachetka, Jan"]
[Black "Inkiov, Ventzislav V"]
[Result "0-1"]
[WhiteElo "2425"]
[BlackElo "2510"]
[PlyCount "74"]
[EventDate "1990.06.??"]
[Source "www.chesslib.no"]
[SourceDate "2004.05.04"]

1. c4 e6 2. Nc3 d5 3. d4 Nf6 4. Bg5 c5 5. e3 cxd4 6. exd4 Be7 7. Nf3 O-O 8. Bd3 dxc4 9. Bxc4 a6 10. O-O b5 11. Bb3 Bb7 12. Re1 Nc6 13. a3 Rc8 14. Bc2 b4 15. Qd3 bxc3 16. Bxf6 g6 17. Bxe7 Nxe7 18. bxc3 Bxf3 19. Qxf3 Nd5 20. Be4 Rxc3 21. Qe2 Rc6 22. Rec1 Rxc1+ 23. Rxc1 Nf6 24. Bf3 Qd6 25. Qe3 Nd5 26. Qd3 Ne7 27. g3 Rd8 28. Qb3 Nf5 29. Rc6 Qxd4 30. Rxa6 Qa1+ 31. Kg2 Rd2 32. Ra5 Kg7 33. Qb8 Ne3+ 34. Kh3 Qf1+ 35. Kh4 Rd4+ 36. g4 Qxf2+ 37. Qg3 Nf5+ 0-1

[Event "Ceske Budejovice Open"]
[Site "Ceske Budejovice CZE"]
[Date "1993.??.??"]
[Round "8"]
[White "Guliev, Sarhan"]
[Black "Meister, Yakov"]
[Result "0-1"]
[WhiteElo "2465"]
[BlackElo "2460"]
[PlyCount "80"]
[EventDate "1993.??.??"]
[Source "www.chesslib.no"]
[SourceDate "2004.05.04"]

1. d4 d5 2. c4 e6 3. Nc3 Nf6 4. Bg5 c5 5. cxd5 cxd4 6. Qxd4 Be7 7. Nf3 exd5 8. e3 Nc6 9. Bb5 O-O 10. Qa4 Bd7 11. O-O a6 12. Bxc6 bxc6 13. Ne5 Qc7 14. Nxd7 Qxd7 15. Rfd1 Qb7 16. Qc2 Rfe8 17. Na4 Ne4 18. Bxe7 Rxe7 19. Rac1 Qa7 20. Qxc6 Nxf2 21. Rd4 Rxe3 22. Qxd5 Nd3 23. Rf1 Rae8 24. Nb6 Re1 25. Rxd3 Qxb6+ 26. Qd4 Rxf1+ 27. Kxf1 Qe6 28. Qc3 Qxa2 29. h3 Qb1+ 30. Kf2 h6 31. Rg3 g6 32. Rd3 Qa2 33. Rd6 Qa4 34. Qd4 Qc2+ 35. Kg1 Qe2 36. Kh2 h5 37. b4 Kh7 38. Qf6 Qc4 39. Rc6 Qd5 40. Rxa6 Re2 0-1

[Event "Leningrad2"]
[Site "Leningrad"]
[Date "1989.??.??"]
[Round "?"]
[White "Epishin, Vladimir"]
[Black "Ivanov, Sergey"]
[Result "1/2-1/2"]
[WhiteElo "2460"]
[BlackElo "2465"]
[PlyCount "57"]
[EventDate "1989.09.??"]
[Source "ChessBase"]

1. d4 Nf6 2. c4 e6 3. Nc3 d5 4. Bg5 c5 5. cxd5 cxd4 6. Qxd4 Be7 7. e4 Nc6 8. Bb5 O-O 9. Bxc6 bxc6 10. d6 Qxd6 11. Nf3 Qxd4 12. Nxd4 Bb7 13. f3 h6 14. Be3 c5 15. Nb3 Rfc8 16. O-O Nd7 17. Rfd1 Nb6 18. Bf4 Bf6 19. Nb5 c4 20. e5 Be7 21. N3d4 Nd5 22. Bg3 c3 23. bxc3 Nxc3 24. Rdc1 Bc5 25. Bf2 Bxd4 26. Nxd4 Nxa2 27. Rxc8+ Rxc8 28. Nb5 Rc2 29. Bxa7 1/2-1/2

[Event "Wellington"]
[Site "Wellington"]
[Date "1988.??.??"]
[Round "?"]
[White "Christiansen, Larry Mark"]
[Black "Sarapu, Ortvin"]
[Result "1/2-1/2"]
[WhiteElo "2575"]
[BlackElo "2345"]
[PlyCount "68"]
[EventDate "1988.03.??"]
[Source "ChessBase"]

1. c4 e6 2. Nc3 d5 3. d4 Nf6 4. Bg5 c5 5. cxd5 cxd4 6. Qa4+ Qd7 7. Qxd4 Nc6 8. Qd2 Nxd5 9. a3 Nxc3 10. Qxc3 Qd4 11. Bd2 Qxc3 12. Bxc3 e5 13. g3 f6 14. Bg2 Be6 15. Bxc6+ bxc6 16. Nf3 Bc5 17. Rc1 Bb6 18. O-O Rc8 19. Nd2 Bd5 20. Rfd1 Kf7 21. Kf1 Rhd8 22. h4 h6 23. h5 Be6 24. Ne4 Rxd1+ 25. Rxd1 Rd8 26. Rxd8 Bxd8 27. f3 Bb6 28. g4 Be3 29. Ke1 a6 30. Nd6+ Ke7 31. Nf5+ Bxf5 32. gxf5 Kd6 33. Bd2 Bd4 34. b3 e4 1/2-1/2

[Event "Saint John op-2"]
[Site "Saint John"]
[Date "1988.??.??"]
[Round "?"]
[White "Petursson, Margeir"]
[Black "Finegold, Benjamin"]
[Result "1/2-1/2"]
[WhiteElo "2540"]
[BlackElo "2380"]
[PlyCount "36"]
[EventDate "1988.01.??"]
[Source "ChessBase"]

1. d4 Nf6 2. c4 e6 3. Nc3 d5 4. Bg5 c5 5. e3 cxd4 6. exd4 Be7 7. Nf3 O-O 8. Bd3 Nc6 9. O-O Nb4 10. Be2 dxc4 11. Bxc4 b6 12. a3 Ba6 13. Bxa6 Nxa6 14. Qa4 Nc7 15. Ne5 Qe8 16. Nc6 Nfd5 17. Bd2 Nxc3 18. Nxe7+ Kh8 1/2-1/2

[Event "EUCup Yerevan-Cheliabinsk"]
[Site "Cheliabinsk"]
[Date "1991.??.??"]
[Round "2"]
[White "Anastasian, Ashot"]
[Black "Meister, Yakov"]
[Result "1-0"]
[WhiteElo "2485"]
[BlackElo "2430"]
[PlyCount "114"]
[EventDate "1991.??.??"]
[Source "ChessBase"]

1. d4 d5 2. c4 e6 3. Nc3 Nf6 4. Bg5 c5 5. cxd5 cxd4 6. Qxd4 Be7 7. e4 Nc6 8. Bb5 O-O 9. Bxc6 bxc6 10. d6 Qxd6 11. Qxd6 Bxd6 12. Nge2 h6 13. Bf4 e5 14. Bg3 Nh5 15. O-O-O Nxg3 16. hxg3 Bc5 17. f3 Be6 18. Kc2 Rfd8 19. Na4 Be3 20. b3 c5 21. Nec3 Bd4 22. g4 Rab8 23. Nb2 f6 24. Rb1 Rd6 25. Nc4 Ra6 26. a4 Kf7 27. Nb5 Kg6 28. Kd3 Rd8 29. Nc7 Rc6 30. Nxe6 Rxe6 31. Rhd1 Re7 32. Kc2 Rb8 33. Rd2 h5 34. gxh5+ Kxh5 35. Nd6 Kg6 36. Rh1 Rd7 37. Nc4 Rdb7 38. Rd3 Rb4 39. Nd2 Re8 40. g3 Rbb8 41. Nc4 Rh8 42. Rdd1 f5 43. exf5+ Kxf5 44. Rde1 Rbf8 45. Kd3 Rb8 46. Rxh8 Rxh8 47. Re4 Rh1 48. Rg4 Rf1 49. Ne3+ Bxe3 50. Kxe3 Rb1 51. Rxg7 Rxb3+ 52. Ke2 Rb2+ 53. Kd3 Rb3+ 54. Ke2 Rb2+ 55. Kd3 Rb3+ 56. Kc4 Rb4+ 57. Kxc5 Rxa4 1-0

[Event "San Sebastian Open"]
[Site "San Sebastian ESP"]
[Date "1992.??.??"]
[Round "?"]
[White "Komljenovic, Davor"]
[Black "Eslon, Jaan"]
[Result "1/2-1/2"]
[WhiteElo "2495"]
[BlackElo "2420"]
[PlyCount "117"]
[EventDate "1992.??.??"]
[Source "www.chesslib.no"]
[SourceDate "2004.05.04"]

1. c4 e6 2. Nc3 d5 3. d4 Nf6 4. Bg5 c5 5. cxd5 cxd4 6. Qxd4 Be7 7. Rd1 exd5 8. e3 Nc6 9. Qd2 Be6 10. Nf3 O-O 11. Be2 Ne4 12. Nxe4 dxe4 13. Bxe7 Qxe7 14. Nd4 Bxa2 15. Nxc6 bxc6 16. Qc3 Bd5 17. Bc4 Bxc4 18. Qxc4 Rab8 19. O-O Rxb2 20. Rd4 Qb7 21. Rxe4 Rb1 22. h4 Rxf1+ 23. Qxf1 c5 24. Qc4 Qb1+ 25. Kh2 Qb8+ 26. f4 Qd6 27. Re5 Rc8 28. Qa4 Qd8 29. Kg3 c4 30. Re4 c3 31. Rc4 g6 32. Qb3 Rxc4 33. Qxc4 Qf6 34. e4 h5 35. Kf3 Qxh4 36. Qc8+ Kh7 37. Qc7 Qg4+ 38. Kf2 Qe6 39. Qxc3 Qxe4 40. Qc7 Qd4+ 41. Kg3 Kg7 42. Kh3 a6 43. g3 Qa1 44. Kh2 a5 45. Qc2 Qd4 46. f5 g5 47. Qc1 Qf2+ 48. Kh1 Qxf5 49. Qc3+ Kh7 50. Qb3 g4 51. Qa2 Qf1+ 52. Kh2 Qh3+ 53. Kg1 Qxg3+ 54. Kh1 Qf3+ 55. Kg1 g3 56. Qc2+ Kg7 57. Qg6+ Kf8 58. Qd6+ Kg7 59. Qg6+ 1/2-1/2

[Event "Wichern Open 3rd"]
[Site "Hamburg GER"]
[Date "1995.??.??"]
[Round "7"]
[White "Bischoff, Klaus"]
[Black "Blauert, Joerg"]
[Result "1-0"]
[WhiteElo "2525"]
[BlackElo "2390"]
[PlyCount "107"]
[EventDate "1995.09.??"]
[Source "www.chesslib.no"]
[SourceDate "2004.05.04"]

1. c4 e6 2. Nc3 d5 3. d4 Nf6 4. Bg5 c5 5. cxd5 cxd4 6. Qxd4 Be7 7. Qa4+ Bd7 8. Qc2 exd5 9. Nf3 Nc6 10. Rd1 Be6 11. e3 O-O 12. Be2 h6 13. Bh4 Rc8 14. O-O a6 15. Qb1 Qa5 16. Bd3 Qb6 17. Bc2 Rfd8 18. Bb3 Na5 19. Bxf6 Bxf6 20. Nxd5 Bxd5 21. Bxd5 Qxb2 22. Qf5 b5 23. e4 Nc4 24. h4 Ne5 25. Nd4 Qc3 26. h5 Rf8 27. Rfe1 Nd3 28. Re3 Qxd4 29. Rexd3 Qe5 30. Qxe5 Bxe5 31. Ra3 Rc7 32. Rxa6 b4 33. g3 Bc3 34. Kg2 Rb8 35. Bb3 Kf8 36. f4 Re7 37. Kf3 Rc7 38. e5 Re7 39. Rc6 Ra7 40. Ke4 Re8 41. Kf5 Rae7 42. Rd5 Ra7 43. g4 Rae7 44. a4 Ra7 45. Rcd6 Ke7 46. Rb6 Kf8 47. Rdb5 Bd2 48. Rb7 Re7 49. Rb8+ Re8 50. R5b7 Rxb7 51. Rxb7 Re7 52. Rxe7 Kxe7 53. Ke4 Be1 54. Ke3 1-0

[Event "Krumbach Open"]
[Site "Krumbach"]
[Date "1991.??.??"]
[Round "5"]
[White "Chekhov, Valery A"]
[Black "Blauert, Joerg"]
[Result "1-0"]
[WhiteElo "2515"]
[BlackElo "2395"]
[PlyCount "101"]
[EventDate "1991.03.??"]
[Source "www.chesslib.no"]
[SourceDate "2004.05.04"]

1. d4 Nf6 2. c4 e6 3. Nc3 d5 4. Bg5 c5 5. cxd5 cxd4 6. Qxd4 Be7 7. e4 Nc6 8. Qd2 exd5 9. Bxf6 Bxf6 10. exd5 Qe7+ 11. Qe3 Nb4 12. Bb5+ Kd8 13. Qxe7+ Kxe7 14. Rd1 Bf5 15. Nf3 Rhd8 16. O-O Bxc3 17. bxc3 Nxa2 18. Nd4 Nxc3 19. Nxf5+ Kf6 20. Rd3 Nxb5 21. Rf3 a6 22. Re1 g6 23. Nd4+ Kg7 24. Re7 Nxd4 25. Rfxf7+ Kg8 26. Rg7+ Kf8 27. Rgf7+ Kg8 28. Rg7+ Kf8 29. Ref7+ Ke8 30. Rxb7 Kf8 31. Rbf7+ Ke8 32. Rb7 Kf8 33. Rxh7 Kg8 34. Rhg7+ Kf8 35. Rbf7+ Ke8 36. Re7+ Kf8 37. Ref7+ Ke8 38. Rb7 Kf8 39. Rh7 Kg8 40. Rbg7+ Kf8 41. Rxg6 Ne2+ 42. Kf1 Nc3 43. d6 Rab8 44. g3 a5 45. h4 a4 46. h5 a3 47. h6 Rxd6 48. Rh8+ Kf7 49. Rg7+ Kf6 50. Rxb8 a2 51. Ra7 1-0

[Event "Minsk Open"]
[Site "Minsk BLR"]
[Date "1994.??.??"]
[Round "3"]
[White "Guliev, Sarhan"]
[Black "Ginsburg, Gennadij"]
[Result "1-0"]
[WhiteElo "2470"]
[BlackElo "2435"]
[PlyCount "73"]
[EventDate "1994.??.??"]
[Source "www.chesslib.no"]
[SourceDate "2004.05.04"]

1. d4 d5 2. c4 e6 3. Nc3 Nf6 4. Bg5 c5 5. cxd5 cxd4 6. Qxd4 Be7 7. Nf3 exd5 8. e3 Nc6 9. Qa4 O-O 10. Bb5 Bd7 11. O-O a6 12. Be2 b5 13. Qd1 Be6 14. Nd4 Nxd4 15. Qxd4 h6 16. Bh4 Rc8 17. Rfd1 Qd7 18. a3 Rc7 19. Bg3 Bd6 20. Bxd6 Qxd6 21. e4 Qe7 22. e5 Nd7 23. f4 Qc5 24. f5 Bxf5 25. Nxd5 Ra7 26. Ne7+ Qxe7 27. Qxa7 Qxe5 28. Qf2 Nf6 29. Bf3 Ng4 30. Bxg4 Bxg4 31. Qd4 Qg5 32. Rd3 Rc8 33. Re1 h5 34. Qf2 a5 35. Rde3 Bd7 36. Qd2 Bc6 37. Re8+ 1-0

[Event "Ikaria Open"]
[Site "Ikaria"]
[Date "1993.??.??"]
[Round "5"]
[White "Kourkounakis, Ilias"]
[Black "Inkiov, Ventzislav V"]
[Result "0-1"]
[WhiteElo "2415"]
[BlackElo "2470"]
[PlyCount "84"]
[EventDate "1993.??.??"]
[Source "www.chesslib.no"]
[SourceDate "2004.05.04"]

1. c4 e6 2. Nc3 d5 3. d4 Nf6 4. Bg5 c5 5. cxd5 cxd4 6. Qxd4 Be7 7. Nf3 exd5 8. e3 Nc6 9. Qa4 O-O 10. Be2 Qb6 11. Qb5 Qxb5 12. Bxb5 h6 13. Bf4 Be6 14. h3 Ne4 15. O-O Bf6 16. Bxc6 bxc6 17. Nd4 Nxc3 18. bxc3 c5 19. Nb3 Rfc8 20. Bd6 Bxc3 21. Rac1 d4 22. exd4 cxd4 23. Rfd1 Bxb3 24. axb3 f6 25. b4 Rc4 26. Rd3 Rac8 27. b5 Ba5 28. Rxc4 Rxc4 29. Ra3 Bb6 30. Bb8 Rc3 31. Ra1 d3 32. Kf1 Rc2 33. Bg3 Rb2 34. Rd1 Rb3 35. f4 Kf7 36. Bf2 Ke6 37. Bxb6 axb6 38. Kf2 Kd5 39. Ke3 Kc4 40. Rc1+ Rc3 41. Ra1 Rc2 42. Ra4+ Kxb5 0-1

[Event "Parcetic Memorial 5th"]
[Site "Sombor"]
[Date "1972.??.??"]
[Round "8"]
[White "Knaak, Rainer F A"]
[Black "Deze, Anton"]
[Result "1/2-1/2"]
[WhiteElo "2470"]
[BlackElo "2395"]
[PlyCount "106"]
[EventDate "1972.11.25"]
[Source "www.chesslib.no"]
[SourceDate "2004.05.04"]

1. d4 Nf6 2. c4 e6 3. Nc3 d5 4. Bg5 c5 5. cxd5 cxd4 6. Qxd4 Be7 7. e4 Nc6 8. Bb5 O-O 9. Bxc6 bxc6 10. d6 Qxd6 11. Qxd6 Bxd6 12. O-O-O Bb4 13. Bxf6 gxf6 14. Nf3 e5 15. Rd2 Be6 16. Rhd1 Be7 17. Kc2 Rfb8 18. Nh4 a5 19. Nf5 Bb4 20. Rd3 a4 21. Rg3+ Kh8 22. Rdd3 Bc5 23. Rd2 Rb4 24. Rgd3 Bxf5 25. Rd8+ Rxd8 26. Rxd8+ Kg7 27. exf5 Bxf2 28. Ra8 Rf4 29. Rxa4 Bd4 30. Ne2 Rf2 31. Kd3 Bxb2 32. Rg4+ Kf8 33. Ke3 Rxf5 34. Rc4 Rf1 35. Rxc6 Kg7 36. Rc2 Ba3 37. g4 Kg6 38. Ng3 Rf4 39. h3 Kg5 40. Rc8 Kh4 41. Nh5 Ra4 42. Nxf6 h6 43. Ng8 h5 44. Nh6 hxg4 45. Nxg4 f5 46. Nxe5 Re4+ 47. Kf3 Rxe5 48. Kf4 Re4+ 49. Kxf5 Ra4 50. Rc3 Bd6 51. Ke6 Bg3 52. a3 Kxh3 53. Kd5 Ra8 1/2-1/2

[Event "POL Team Ch"]
[Site "Mikolajki"]
[Date "1991.??.??"]
[Round "4"]
[White "Panczyk, Krzysztof"]
[Black "Ivanov, Sergey"]
[Result "0-1"]
[WhiteElo "2415"]
[BlackElo "2440"]
[PlyCount "86"]
[EventDate "1991.??.??"]
[Source "www.chesslib.no"]
[SourceDate "2004.05.04"]

1. d4 Nf6 2. c4 e6 3. Nc3 d5 4. Bg5 c5 5. cxd5 cxd4 6. Qxd4 Be7 7. e4 Nc6 8. Qd2 exd5 9. Bxf6 Bxf6 10. exd5 Qe7+ 11. Qe3 Nb4 12. Bb5+ Bd7 13. Bxd7+ Kxd7 14. Qxe7+ Kxe7 15. Rd1 Bxc3+ 16. bxc3 Nxa2 17. Ne2 Rac8 18. Rd3 b5 19. Kd2 b4 20. c4 Rxc4 21. Ra1 b3 22. Rxb3 Nb4 23. Rxa7+ Kd6 24. Rb7 Nxd5 25. Rxf7 Ra8 26. Rb2 Rc7 27. Rxc7 Kxc7 28. Nd4 g6 29. g3 Re8 30. Kd3 Re7 31. h4 Nf6 32. Ra2 Kd7 33. Ra6 Ng4 34. f3 Ne5+ 35. Ke4 Nc6+ 36. Kf4 Nxd4 37. Kg5 Nxf3+ 38. Kh6 Ne5 39. Ra7+ Ke6 40. Rxe7+ Kxe7 41. Kxh7 Kf6 42. Kh6 Ng4+ 43. Kh7 Kf7 0-1

[Event "Leningrad Ch"]
[Site "Leningrad RUS"]
[Date "1991.??.??"]
[Round "?"]
[White "Solozhenkin, Evgeniy"]
[Black "Ivanov, Sergey"]
[Result "0-1"]
[WhiteElo "2415"]
[BlackElo "2440"]
[PlyCount "84"]
[EventDate "1991.??.??"]
[Source "www.chesslib.no"]
[SourceDate "2004.05.04"]

1. d4 Nf6 2. c4 e6 3. Nc3 d5 4. Bg5 c5 5. cxd5 cxd4 6. Qa4+ Nbd7 7. Bxf6 Qxf6 8. Nb5 Nb6 9. Qxd4 Qxd4 10. Nxd4 Bb4+ 11. Kd1 Nxd5 12. e4 Nf6 13. Bd3 Bc5 14. Nb5 O-O 15. f3 Rd8 16. Kc2 Bd7 17. Nc3 b5 18. e5 b4 19. exf6 bxc3 20. b3 gxf6 21. Ne2 f5 22. Rad1 Kg7 23. Nxc3 Bc6 24. Bc4 Kf6 25. Rxd8 Rxd8 26. Re1 Bf2 27. Re2 Bg1 28. h3 Bc5 29. Nd1 Kg5 30. Nb2 Bd4 31. Nd3 f4 32. Ne5 Be8 33. a4 f6 34. Ng4 Bg6+ 35. Kc1 Bc5 36. Kb2 Rd1 37. Bxe6 a5 38. b4 axb4 39. Kb3 Bd3 40. Ra2 Rb1+ 41. Rb2 Rxb2+ 42. Kxb2 h5 0-1

[Event "Toth Memorial"]
[Site "Kecskemet HUN"]
[Date "1972.??.??"]
[Round "?"]
[White "Lengyel, Levente"]
[Black "Deze, Anton"]
[Result "1/2-1/2"]
[WhiteElo "2455"]
[BlackElo "2395"]
[PlyCount "26"]
[EventDate "1972.??.??"]
[Source "www.chesslib.no"]
[SourceDate "2004.05.04"]

1. d4 d5 2. c4 e6 3. Nc3 Nf6 4. Bg5 c5 5. cxd5 cxd4 6. Qxd4 Be7 7. e3 exd5 8. Nf3 Nc6 9. Qa4 h6 10. Bf4 O-O 11. Be2 Qb6 12. Qb5 Qxb5 13. Bxb5 Rd8 1/2-1/2

[Event "FIN Ch"]
[Site "Espoo"]
[Date "1985.??.??"]
[Round "?"]
[White "Yrjola, Jouni"]
[Black "Pirttimaki, Timo"]
[Result "1/2-1/2"]
[WhiteElo "2500"]
[BlackElo "2340"]
[PlyCount "81"]
[EventDate "1985.??.??"]
[Source "www.chesslib.no"]
[SourceDate "2004.05.04"]

1. d4 d5 2. c4 e6 3. Nc3 Nf6 4. Bg5 c5 5. cxd5 Qb6 6. Bxf6 Qxb2 7. Rc1 gxf6 8. Rc2 Qb6 9. e3 cxd4 10. Bb5+ Bd7 11. Bxd7+ Nxd7 12. exd4 Bb4 13. Nge2 O-O-O 14. O-O Bxc3 15. Nxc3 Kb8 16. Qd2 Rc8 17. Rb1 Qd6 18. Rcb2 b6 19. a4 Rc4 20. h3 Rhc8 21. dxe6 fxe6 22. Nb5 Qd5 23. a5 a6 24. Nd6 Qxd6 25. Rxb6+ Nxb6 26. Rxb6+ Qxb6 27. axb6 Kb7 28. Qh6 Kxb6 29. Qxf6 R4c6 30. g4 a5 31. g5 a4 32. Qe7 Ka5 33. h4 R8c7 34. Qf8 Rc3 35. h5 a3 36. g6 hxg6 37. hxg6 Ka4 38. g7 Rxg7+ 39. Qxg7 a2 40. Qa7+ Kb3 41. Qb6+ 1/2-1/2